000 00803nam a22002297a 4500
020 _a07-060230-1
082 _a515.9
_bSPI
_cL-1, P-20
100 _aSpiegel, Murray R
_951
245 _aSchaum's outline series theory and problems of complex variabes
_cMurray R, Spiegel
260 _aNew York
_bMcGraw -Hill book Company
_cc 1964.
300 _a313 p. :
_bill. ;
_c24 cm
526 _a0
_b0
_c0
_d515_900000000000000_SPI
526 _a0
_b0
_c0
_d515_900000000000000_SPI
526 _a0
_b0
_c0
_d515_900000000000000_SPI
526 _a0
_b0
_c0
_d515_900000000000000_SPI
526 _a0
_b0
_c0
_d515_900000000000000_SPI
526 _a0
_b0
_c0
_d515_900000000000000_SPI
526 _a0
_b0
_c0
_d515_900000000000000_SPI
526 _a0
_b0
_c0
_d515_900000000000000_SPI
650 _aMCE
_9379
942 _2ddc
_cBK
999 _c543841
_d543841